Vista normal Vista MARC

Entrada Topical Term

Número de registros utilizados en: 1

001 - CONTROL NUMBER

  • control field: 39627

003 - CONTROL NUMBER IDENTIFIER

  • control field: OSt

005 - DATE AND TIME OF LATEST TRANSACTION

  • control field: 20210824151055.0

008 - FIXED-LENGTH DATA ELEMENTS

  • fixed length control field: 210824|| aca||aabn | a|a d

040 ## - CATALOGING SOURCE

  • Original cataloging agency: OSt
  • Transcribing agency: OSt

150 ## - HEADING--TOPICAL TERM

  • Topical term or geographic name entry element: Derecho
  • Form subdivision: Filosofía
  • General subdivision: Manuales

670 ## - SOURCE DATA FOUND

  • Source citation: Work cat.: (OSt)8401: Monroy Cabra, Marco Gerardo, 17163 autor, Introducción al derecho / , 1986